(ポケモン)この専用特性、だれが持ってる? - Statistics

General Stats
  • This quiz has been taken 13 times
  • The average score is 62 of 125
Answer Stats
Hint Answer % Correct
ぎょぐん ヨワシ
100%
おやこあい メガガルーラ
100%
てんきや ポワルン
88%
うるおいボイス アシレーヌ
88%
ばけのかわ ミミッキュ
88%
きずなへんげ ゲッコウガ
88%
おうごんのからだ サーフゴー
88%
ナイトメア ダークライ
88%
そうだいしょう ドドゲザン
75%
はじまりのうみ ゲンシカイオーガ
75%
ハドロンエンジン ミライドン
75%
おどりこ オドリドリ
75%
はらぺこスイッチ モルペコ
75%
リベロ エースバーン系統
75%
アイスフェイス コオリッポ
75%
ミラーアーマー アーマーガア
75%
ぜったいねむり ネッコアラ
75%
わざわいのつるぎ パオジアン
63%
サーフテール アローラライチュウ
63%
りゅうのあぎと レジドラゴ
63%
しろのいななき ブリザポス
63%
ふくつのたて ザマゼンタ
63%
くろのいななき レイスポス
63%
かわりもの メタモン
63%
リミットシールド メテノ
63%
でんきにかえる ハラバリー系統
63%
ARシステム シルヴァディ
63%
どくげしょう キラフロル系統
63%
トランジスタ レジエレキ
63%
はやてのつばさ ファイアロー系統
63%
ひひいろのこどう コライドン
63%
ミイラ デスカーン
63%
どくくぐつ モモワロウ
63%
ふとうのけん ザシアン
63%
メタルプロテクト ソルガレオ
63%
ファントムガード ルナアーラ
63%
ひとでなし ドヒドイデ系統
50%
はがねつかい ダダリン
50%
ねつこうかん セグレイブ系統
50%
すなはき サダイジャ系統
50%
じょうききかん セキタンザン系統
50%
きよめのしお キョジオーン系統
50%
わざわいのたま イーユイ
50%
へんしょく カクレオン
50%
ふしぎなまもり ヌケニン
50%
こおりのりんぷん モスノウ系統
50%
いわはこび オトシドリ
50%
ききかいひ グソクムシャ
50%
エアロック レックウザ
50%
デルタストリーム メガレックウザ
50%
フラワーギフト チェリム
50%
おわりのだいち ゲンシグラードン
50%
じょおうのいげん アマージョ
50%
パンクロック ストリンダー系統
50%
ソウルハート マギアナ
50%
ヒーリングシフト キュワワー
50%
バリアフリー バリコオル系統
50%
メガソーラー メガメガニウム
50%
あとだし ヤミラミ
50%
みずがため シロデスナ系統
50%
オーラブレイク | スワームチェンジ ジガルデ
50%
よわき アーケオス系統
50%
クイックドロウ ガラルヤドラン
50%
さまようたましい デスバーン
50%
ヨガパワー チャーレム系統
50%
バトルスイッチ ギルガルド
50%
わたげ ワタシラガ系統
50%
わざわいのうつわ ディンルー
50%
かがくへんかガス マタドガスガラルマタドガス
50%
イリュージョン ゾロアークヒスイゾロアーク
50%
ダルマモード ヒヒダルマガラルヒヒダルマ
50%
プリズムアーマー ネクロズマネクロズマ(たそがれ) ネクロズマ(あかつき)
50%
ダークオーラ イベルタル
38%
こぼれダネ オリーヴァ系統
38%
くさのけがわ ゴーゴート系統
38%
おもてなし ヤバソチャ系統
38%
じゅくせい タルップル、アップリュー、カジッチュ
38%
たまひろい ワンパチ
38%
ドラゴンスキン メガオーダイル
38%
いかりのこうら ガケガニ
38%
バッテリー デンヂムシ
38%
ぎたい ガラルマッギョ
38%
とびだすハバネロ メガスコヴィラン
38%
パステルベール ガラルギャロップ系統
38%
にげごし コソクムシ
38%
きんしのちから リククラゲ系統
38%
どくぼうそう ザングース
38%
びんじょう クエスパトラ
38%
うのミサイル ウッウ
38%
エレキスキン アローラゴローニャ系統
38%
パワースポット イシヘンジン
38%
ねつぼうそう フワライド系統
38%
ビビットボディ ハギギシリ
38%
しれいとう シャリタツ
38%
どしょく ミミズズ
38%
きょうえん カラミンゴ
38%
しょうりのほし ビクティニ
38%
レシーバー ナゲツケザル
38%
カーリーヘアー アローラダグトリオ系統
38%
はがねのせいしん ニャイキング系統
38%
かがくのちから アローラベトベトン系統
38%
すいほう オニシズクモ系統
38%
ノーマルスキン エネコロロ系統
38%
こんがりボディ バウッツェル系統
38%
ブレインフォース ウルトラネクロズマ
38%
わざわいのおふだ チオンジェン
38%
マイティチェンジ イルカマン
38%
おもかげやどし オーガポン
38%
きみょうなくすり ガラルヤドキング
25%
テイルアーマー リキキリン
25%
テラスチェンジ テラパゴス(ノーマル)
25%
かんろなミツ カミツオロチ、カミッチュ
25%
とれないにおい パフュートン♂
25%
しんがん ガチグマ(あかつき)
25%
ふうりょくでんき タイカイデン系統
25%
かんつうドリル メガドリュウズ
25%
スクリューおびれ カマスジョー系統
25%
マルチタイプ アルセウス
25%
ほろびのボディ サニゴーン系統
25%
えんかく ジュナイパー
25%
ごりむちゅう ガラルヒヒダルマ
25%
ゼロフォーミング テラパゴス(ステラ)
25%
じんばいったい バドレックス(こくばじょう)バドレックス(はくばじょう)
25%
テラスシェル テラパゴス(テラスタル)
0%
No matching quizzes found
Score Distribution
Percent of People with Each Score
Percentile by Number Answered
Your Score History
You have not taken this quiz